<?xml version="1.0" encoding="UTF-8"?>
<record
    xmlns:xsi="http://www.w3.org/2001/XMLSchema-instance"
    xsi:schemaLocation="http://www.loc.gov/MARC21/slim http://www.loc.gov/standards/marcxml/schema/MARC21slim.xsd"
    xmlns="http://www.loc.gov/MARC21/slim">

  <leader>03839    a2200229   4500</leader>
  <controlfield tag="001">28414</controlfield>
  <controlfield tag="005">20260407155556.0</controlfield>
  <controlfield tag="008">260407a1987    arg                 spa d</controlfield>
  <controlfield tag="003">AR-UNSa-BCEJYS</controlfield>
  <datafield tag="040" ind1=" " ind2=" ">
    <subfield code="a">AR-UNSa-BCEJYS</subfield>
    <subfield code="b">spa</subfield>
    <subfield code="c">AR-UNSa-BCEJYS</subfield>
  </datafield>
  <datafield tag="080" ind1=" " ind2=" ">
    <subfield code="a">347.63</subfield>
    <subfield code="x">Filiaci&#xF3;n. Paternidad. Padres e hijos </subfield>
  </datafield>
  <datafield tag="245" ind1="1" ind2="0">
    <subfield code="a">La filiaci&#xF3;n y la Ley 23.264</subfield>
  </datafield>
  <datafield tag="020" ind1=" " ind2=" ">
    <subfield code="a">950-20-0430-2</subfield>
  </datafield>
  <datafield tag="264" ind1=" " ind2="1">
    <subfield code="a">Buenos Aires :</subfield>
    <subfield code="b">Abeledo Perrot</subfield>
    <subfield code="c">1987</subfield>
  </datafield>
  <datafield tag="300" ind1=" " ind2=" ">
    <subfield code="a">475 p.</subfield>
    <subfield code="c">23 cm.</subfield>
  </datafield>
  <datafield tag="505" ind1=" " ind2=" ">
    <subfield code="a">1. Introducci&#xF3;n - 2. Concepto - 3. Creaci&#xF3;n biol&#xF3;gica y creaci&#xF3;n jur&#xED;dica - 4. V&#xED;nculo biol&#xF3;gico y v&#xED;nculo jur&#xED;dico - 5. Concordancias y discordancias - 6. Acto voluntario - 7. Formas de la voluntad constitutiva - 8. El acto jur&#xED;dico familiar filial - 9. Contractualidad e institucionalidad - 10. Vicios de los actos jur&#xED;dicos en general y de los actos jur&#xED;dicos familiares en particular - 11.Vicios de los actos jur&#xED;dicos con repecto a la filiaci&#xF3;n - 12.La filiaci&#xF3;n frente al progreso de las ciencias generales - 13. Plazos m&#xED;nimo y m&#xE1;ximo del embarazo.Plazo de concepci&#xF3;n.Textos del C&#xF3;digo Civil. La ley 23264.Las presunciones.Interpretaci&#xF3;n.Derecho comparado - 14.Especies de filiaci&#xF3;n en el derecho argentino y comparado. - 15.Emplazamiento en el estado filial.T&#xED;tulo de estado.La filiaci&#xF3;n matrimonial en la ley 23264.Determinacion de la maternidad y su prueba.Presunciones.Car&#xE1;cter y fundamento de ellas.Derecho comparado - 16.El reconocimiento voluntario en la filiaci&#xF3;n extramatrimonial - 17.Prohibici&#xF3;n de atribuir el hijo extramatrimonial a una mujer casada. Art&#xED;culo 326 del C&#xF3;digo Civil y la ley 14376.Fundamento.Derogaci&#xF3;n del art&#xED;culo 326 por la ley 23264.Cr&#xED;tica.Necesidad de mantener la norma prohibitiva - 18.Legitimaci&#xF3;n por subsiguiente matrimonio.El C&#xF3;digo Civil y la ley 17711.Su derogaci&#xF3;n expresa por el art&#xED;culo 18, ley 23264.Su permanencia en el derecho comparado. Su inclusi&#xF3;n expresa en la reforma espa&#xF1;ola de 1981.Necesidad de mantener la instituci&#xF3;n en el derecho civil argentino - 19.Acciones del estado - 20.El concubinato y el concubinato notorio en la filiaci&#xF3;n extramatrimonial.Diferencias entre las distintas clases de matrimonios y el concubinato.Diferencia con el concepto de las relaciones &#xED;ntimas.An&#xE1;lisis de esas figuras y la uni&#xF3;n libre.Derecho comparado.Derecho argentino - 21.La posesi&#xF3;n de estado.Concepto.Naturaleza jur&#xED;dica.Prueba.En el derecho argentino: filiaci&#xF3;n matrimonial y filiaci&#xF3;n extramatrimonial.El art&#xED;culo 256 en la ley 23264.Posesi&#xF3;n de estado y nexo biol&#xF3;gico.Hijo p&#xF3;stumo.Persona por nacer.Derecho comparado - 22.Nexo biol&#xF3;gico.Confesi&#xF3;n - 23.Exceptio plurium concubentium - 24.Filiaciones superpuestas - 25.El ingreso del hijo extramatrimonial al hogar conyugal de su padre o madre.Derecho argentino y ley 23264.Derecho comparado.Opini&#xF3;n del autor - 26.Acci&#xF3;n de indagaci&#xF3;n despu&#xE9;s de la muerte del hijo - 27.Ejercicio de la acci&#xF3;n de emplazamiento en el estado de hijo natural o extramatrimonial o acci&#xF3;n de reclamaci&#xF3;n de estado - 28.Efectos de la sentencia.Cosa juzgada - 29.Impugnaci&#xF3;n de la filiaci&#xF3;n matrimonial o leg&#xED;tima. La ley 23264.En la paternidad matrimonial.Vicios del consentimiento.Sujetos activos.Sujetos pasivos.Interdicci&#xF3;n.Ausencia con presunci&#xF3;n de fallecimiento.En la maternidad matrimonial.Impugnaci&#xF3;n de la legitimidad o matrimonialidad.Derecho argentino.Derecho comparado - 30.Impugnaci&#xF3;n de la filiaci&#xF3;n extramatrimonial - 31.Prescripci&#xF3;n.Imprescriptibilidad.Caducidad - 32.El derecho sucesorio y la filiaci&#xF3;n - 33.La filiaci&#xF3;n en el Derecho Internacional Privado - 34.Acciones resarcitorias de da&#xF1;os y perjuicios en la filiaci&#xF3;n</subfield>
  </datafield>
  <datafield tag="942" ind1=" " ind2=" ">
    <subfield code="c">BK</subfield>
  </datafield>
  <datafield tag="590" ind1=" " ind2=" ">
    <subfield code="a">niveau_biblio:m niveau_hierar:0</subfield>
  </datafield>
  <datafield tag="100" ind1="1" ind2=" ">
    <subfield code="a">L&#xF3;pez del Carril, Julio J.</subfield>
  </datafield>
  <datafield tag="650" ind1=" " ind2=" ">
    <subfield code="a">Ley N&#xBA; 23.264</subfield>
  </datafield>
  <datafield tag="650" ind1=" " ind2=" ">
    <subfield code="a"> ley n&#xBA; 23 264 </subfield>
  </datafield>
  <datafield tag="999" ind1=" " ind2=" ">
    <subfield code="c">1711</subfield>
    <subfield code="d">1711</subfield>
  </datafield>
  <datafield tag="952" ind1=" " ind2=" ">
    <subfield code="0">0</subfield>
    <subfield code="1">0</subfield>
    <subfield code="4">0</subfield>
    <subfield code="7">0</subfield>
    <subfield code="a">BCEJYS</subfield>
    <subfield code="b">BCEJYS</subfield>
    <subfield code="c">16</subfield>
    <subfield code="d">2026-04-07</subfield>
    <subfield code="l">0</subfield>
    <subfield code="o">347.63 L864</subfield>
    <subfield code="p">L119981</subfield>
    <subfield code="r">2026-04-07 15:55:56</subfield>
    <subfield code="w">2026-04-07</subfield>
    <subfield code="y">L</subfield>
  </datafield>
</record>
